| 000 | 00614nam a22001937a 4500 | ||
|---|---|---|---|
| 999 |
_c61303 _d61303 |
||
| 005 | 20240201115918.0 | ||
| 008 | 240201s2019 en ||||| |||| 00| 0 eng d | ||
| 020 | _a 9780578519739 X | ||
| 080 | _a657 H-19 | ||
| 100 |
_a Hall, Charles B.(Author) _921170 |
||
| 245 |
_a The why and how of auditing : _bauditing made easy / _cCharles B. Hall |
||
| 264 |
_aMiddleton, _c2019. |
||
| 300 |
_a143 pages ; _b23 cm. |
||
| 653 | _aThe why and how of auditing : auditing made easy | ||
| 653 | _a Accounting | ||
| 653 | _aაუდიტი | ||
| 653 | _aბუღალტერია | ||
| 942 |
_2udc _cᲬᲘᲒᲜᲘ |
||